<?xml version="1.0" encoding="UTF-8"?><?xml-stylesheet type="text/xsl" href="static/style.xsl"?><OAI-PMH xmlns="http://www.openarchives.org/OAI/2.0/" xmlns:xsi="http://www.w3.org/2001/XMLSchema-instance" xsi:schemaLocation="http://www.openarchives.org/OAI/2.0/ http://www.openarchives.org/OAI/2.0/OAI-PMH.xsd"><responseDate>2026-04-13T04:56:37Z</responseDate><request verb="GetRecord" identifier="oai:www.recercat.cat:2099.1/22563" metadataPrefix="marc">https://recercat.cat/oai/request</request><GetRecord><record><header><identifier>oai:recercat.cat:2099.1/22563</identifier><datestamp>2025-07-22T20:18:28Z</datestamp><setSpec>com_2072_1033</setSpec><setSpec>col_2072_452951</setSpec></header><metadata><record xmlns="http://www.loc.gov/MARC21/slim" xmlns:dcterms="http://purl.org/dc/terms/" xmlns:xsi="http://www.w3.org/2001/XMLSchema-instance" xmlns:doc="http://www.lyncode.com/xoai" xsi:schemaLocation="http://www.loc.gov/MARC21/slim http://www.loc.gov/standards/marcxml/schema/MARC21slim.xsd">
   <leader>00925njm 22002777a 4500</leader>
   <datafield ind2=" " ind1=" " tag="042">
      <subfield code="a">dc</subfield>
   </datafield>
   <datafield ind2=" " ind1=" " tag="720">
      <subfield code="a">Sánchez Vázquez, Francisco</subfield>
      <subfield code="e">author</subfield>
   </datafield>
   <datafield ind2=" " ind1=" " tag="260">
      <subfield code="c">2014-06-11</subfield>
   </datafield>
   <datafield ind2=" " ind1=" " tag="520">
      <subfield code="a">El presente proyecto pretende contribuir con una nueva herramienta de trabajo&#xd;
para la realización de prácticas didácticas, en el laboratorio de Ingeniería&#xd;
Eléctrica de la Escuela Técnica Superior de Ingeniería Industrial de Barcelona&#xd;
(E.T.S.E.I.B.). Para ello se ha diseñado y construido la maqueta de un ascensor&#xd;
de dos plantas, un automatismo básico de control para la misma y una práctica&#xd;
de laboratorio relacionada con la maqueta.&#xd;
En primer lugar se han estudiado las necesidades que debía satisfacer la&#xd;
maqueta. Esta etapa siempre ha ido muy relacionada con el diseño del&#xd;
automatismo de control. Una vez definidas estas necesidades se ha procedido al&#xd;
estudio de los componentes y finalmente a la construcción.&#xd;
Posteriormente y teniendo en cuenta las necesidades estudiadas anteriormente,&#xd;
se ha diseñado el automatismo principal de control y su verificación con la ayuda&#xd;
de la maqueta.&#xd;
Por último, se ha diseñado la práctica de laboratorio, redactando su contenido y&#xd;
aportando la solución de esta.&#xd;
A parte se realiza una evaluación económica para conocer el coste que supone&#xd;
un proyecto de estas características.</subfield>
   </datafield>
   <datafield tag="653" ind2=" " ind1=" ">
      <subfield code="a">Àrees temàtiques de la UPC::Enginyeria electrònica</subfield>
   </datafield>
   <datafield tag="653" ind2=" " ind1=" ">
      <subfield code="a">Automatització</subfield>
   </datafield>
   <datafield ind2="0" ind1="0" tag="245">
      <subfield code="a">Construcción de la maqueta de un ascensor para la realización de prácticas con autómatas programables y diseño de las prácticas correspondientes</subfield>
   </datafield>
</record></metadata></record></GetRecord></OAI-PMH>